Catálogo
 En Linea

La gaviota / (Registro nro. 45713)

Detalles MARC
000 -CABECERA
campo de control de longitud fija 00938nam a2200277 a 4500
001 - NÚMERO DE CONTROL
campo de control 000046224
005 - FECHA Y HORA DE LA ÚLTIMA TRANSACCIÓN
campo de control 20201002052723.0
008 - DATOS DE LONGITUD FIJA--INFORMACIÓN GENERAL
campo de control de longitud fija 150708s1999 sp 000 0 spa d
020 ## - NÚMERO INTERNACIONAL ESTÁNDAR DEL LIBRO
Número Internacional Estándar del Libro 848130171X
040 ## - FUENTE DE LA CATALOGACIÓN
Centro catalogador/agencia de origen DO-SdBNP
Lengua de catalogación spa
Centro/agencia transcriptor BNPHU
041 17 - CÓDIGO DE LENGUA
Código de lengua del texto/banda sonora o título independiente spa
Código de lengua original eng
082 ## - NÚMERO DE LA CLASIFICACIÓN DECIMAL DEWEY
Número de clasificación xxxx
Número de documento/Ítem xxxx
100 1# - ENTRADA PRINCIPAL--NOMBRE DE PERSONA
Nombre de persona Chéjov, Antón Pavlovich,
Fechas asociadas al nombre 1860-1904).
9 (RLIN) 74257
240 10 - TÍTULO UNIFORME
Título uniforme Chaika.
245 13 - MENCIÓN DE TÍTULO
Título La gaviota /
Mención de responsabilidad, etc. Antón P. Chéjov ; traducción de Manuel de la Escalera ; prólogo de Álvaro del Amo.
260 ## - PUBLICACIÓN, DISTRIBUCIÓN, ETC.
Lugar de publicación, distribución, etc. Madrid :
Nombre del editor, distribuidor, etc. Unidad Editorial,
Fecha de publicación, distribución, etc. 1999.
300 ## - DESCRIPCIÓN FÍSICA
Extensión 95, p. ;
Dimensiones 22 cm.
490 1# - MENCIÓN DE SERIE
Mención de serie Millenium
Designación de volumen o secuencia 53
490 1# - MENCIÓN DE SERIE
Mención de serie El mundo
500 ## - NOTA GENERAL
Nota general Incluye datos biográficos del autor en la solapa de la contracubierta
505 0# - NOTA DE CONTENIDO CON FORMATO
Nota de contenido con formato Acto I --
Título Acto II --
-- Acto III --
-- Acto IV.
700 12 - PUNTO DE ACCESO ADICIONAL--NOMBRE DE PERSONA
Nombre de persona Escalera, Manuel de la,
Término indicativo de función/relación tr.
9 (RLIN) 48955
700 12 - PUNTO DE ACCESO ADICIONAL--NOMBRE DE PERSONA
Nombre de persona Amo, Álvaro del,
Término indicativo de función/relación pról.
9 (RLIN) 74258
830 #0 - PUNTO DE ACCESO ADICIONAL DE SERIE-TÍTULO UNIFORME
Título uniforme El mundo
9 (RLIN) 74259
830 #0 - PUNTO DE ACCESO ADICIONAL DE SERIE-TÍTULO UNIFORME
Título uniforme Millenium.
Número de parte o sección de la obra 53
9 (RLIN) 74260
Existencias
Estado de retiro Estado de pérdida Restricciones de uso No para préstamo Código de colección Localización permanente Ubicación/localización actual Ubicación en estantería Fecha de adquisición Número de inventario Total de préstamos Signatura topográfica completa Código de barras Fecha visto por última vez Precio válido a partir de Tipo de ítem Koha
      Excluido de préstamo Monografías: Libros y Folletos General General Depósito 09.07.2015 LF1   xxxx xxxx 46224-10 25.06.2020 25.06.2020 No se presta

Con tecnología Koha